000 00400nam a22001697a 4500
003 MPLRDC
005 20220104124730.0
008 210129b ||||| |||| 00| 0 eng d
082 _a868.71 DZY c.2
100 _a邓梓仪
245 _a到美国深造去
_c
250 _a第一刷
260 _a
_b十方出版社
_c1988
300 _b
650 _a马华文学
942 _cBK
_o868.71 DZY c.2
999 _c21707
_d21697